Cities by Language - Statistics

General Stats
  • This quiz has been taken 239 times
    238 since last reset
  • The average score is 15 of 20
Answer Stats
Hint Answer % Correct
Amsterdam Dutch
93%
Algiers Arabic
92%
Lima Spanish
91%
Bologna Italian
90%
Zurich German
89%
Delhi Hindi
88%
Port Alegre Portuguese
86%
Taipei Mandarin
80%
Guangzhou Cantonese
78%
Belmopan English
77%
Manila Tagalog
76%
Cape Town Afrikaans
74%
Busan Korean
74%
Dakar French
71%
Johannesburg Zulu
67%
Kolkata Bengali
65%
Almaty Russian
64%
Lahore Punjab
48%
Odense Danish
44%
Kuching Malay
30%
No matching quizzes found
Score Distribution
Percent of People with Each Score
Percentile by Number Answered
Your Score History
You have not taken this quiz since the last reset